000 00777nam a2200181 i 4500
001 23817
003 ES-MaACL
005 20230906152935.0
008 021212s1947 sp |||| | spa d
100 1 _aAndía y Varela, José de.
_921483
245 1 0 _aRelación del viaje hecho a la isla de Amat, por otro hombre Otahiti y descubrimiento de otras adyacentes en los años 1774 y 1775 /
_cpor José de Andía y Varela ; con un prólogo de Joaquín de Sarriers.
260 _aBarcelona :
_bJosé Porter,
_c1947 (
_fTobella)
300 _a92 p. ;
_c24 cm.
595 _aEd. numerada de 200 ejemplares.
651 4 _aTahití-
_xDescubrimientos y exploraciones.
_9162601
700 1 _aSarriers, Joaquín de.
_9103866
852 _aES-MaACL
_jC-29851
_z. - Donat. José Antonio Llardent
999 _c23817
_d23817